000 00317nam a22001457a 4500
008 210531b ||||| |||| 00| 0 eng d
020 _a0879512814
041 _aeng
080 _a32
082 _a32
100 _a19
101 _aSHP
245 _aAt Home with the Presidents
_cBonnie Blodgett
942 _2udc
_cBK
999 _c57847
_d57847